000 00766nam a2200253 a 4500
008
020 _a0673184323 (pbk.)
049 _aMAIN
090 0 0 _aHB172.5
100 1 _aMcCarty, Marilu Hurt.
245 1 0 _aIntroductory macroeconomics /
_cMarilu Hurt McCarty.
260 _aGlenview, Ill. :
_bScott, Foresman,
_cc1988.
300 _axxiii, 533 p. ;
_c26 cm.
500 _aIncludes index.
500 _aAlso published as part of: Introductory economics.
504 _aIncludes bibliographical references.
650 0 _aMacroeconomics.
700 1 _aMcCarty, Marilu Hurt.
907 _a.b10079944
_b02-07-03
_c02-07-03
003
005 20230123133316.0
040 _cNUST
942 _cBOOKS
_kHB172.5
999 _c146363
_d146363